Toutes les paroles de Phénoménal - JuL - Statistiques

Statistiques générales
  • Ce quiz a été pris 122 fois
  • Le résultat moyen est 322 sur 482
Statistiques - réponses
Réponse % Correct
J'
100%
j'
100%
m'
98%
y
98%
t'
97%
suis
95%
94%
you
94%
d'
93%
me
93%
de
92%
Phénoménal
92%
seul
92%
des
91%
Je
91%
je
91%
à
90%
a
90%
l'
90%
ma
90%
en
88%
vais
88%
fait
87%
finir
86%
Le
86%
le
86%
stades
86%
la
85%
raison
85%
remplis
85%
et
84%
Et
84%
Et de base (...) vanille
84%
moi
84%
Moi
84%
avais
83%
Les
83%
les
83%
maman
83%
trahison
83%
connu
80%
Put*in
80%
Put*in (...) visons
80%
par
76%
ai
74%
IA
72%
blessures
70%
frissons
70%
ils
70%
qu'
70%
remplacer
69%
veulent
67%
Mon
66%
guérisons
65%
bébé
64%
elle
63%
sent
62%
que
60%
base
59%
poussettes
59%
vanille
58%
Fais
56%
fais
56%
nia
56%
tu
56%
j'ai
55%
un
50%
te
45%
dis ?
42%
est
42%
ce
41%
pas
41%
Pas
41%
two-two
41%
sous
40%
mais
36%
ça
35%
Ca
35%
faire
35%
quand
35%
"Jul
34%
on
34%
poupia
34%
p'tit
33%
construire
31%
comptes
30%
jusqu'
30%
tes
30%
building
29%
jaloux
29%
sont
29%
tourne
29%
comme
28%
laisse
28%
nous
27%
poto
27%
époque
26%
chasse
24%
fusil
24%
maison
24%
paysan
23%
plaque
23%
toujours
22%
albums
21%
BAC
21%
visons
21%
Deux-
20%
Discret
20%
précis
20%
détente
17%
outils
17%
p'tits
17%
sons
17%
Avec
16%
court
16%
Dans
16%
dit :
16%
DP
16%
Frérot
16%
qui
16%
rap
16%
braquaient
15%
mal
15%
or
15%
vois
15%
déter
14%
fous
14%
frère
14%
ouais
14%
singles
14%
trois
14%
vas-
14%
Alicante
13%
cents
13%
étudie
13%
moteur
13%
promenade
13%
trente-
13%
arnaque
12%
chante
12%
gros
12%
Gucci
12%
Ludix
12%
plaques
12%
autres
10%
four
10%
même
10%
toi
10%
ceux
9%
motards
9%
parles
9%
RS7
9%
taire"
9%
troue
9%
coupe
8%
du
8%
tac-tac
8%
c'est
7%
Direction
7%
perds
7%
pressent
7%
bien
6%
pompes
6%
coups
3%
noies
1%
tekass
0%
Aucun quiz correspondant
Distribution des résultats
% des personnes avec chaque résultat
Percentile par nombre de réponses
Votre historique - résultats
Vous n’avez pas pris ce quiz